000 00626nam a2200253Ia 4500
003 OSt
005 20221006144031.0
006 a|||||r|||| 00| 0
007 ta
008 221006b |||||||| |||| 00| 0 eng d
020 _cP15.00
024 _a10,693
037 _cTextual
040 _aEASL
_cEASL
_beng
041 _2eng
_aeng
082 _aW691xM18, M0
100 _aTHOMAS Paul
245 0 _aKarl Marx and the anarchists
260 _aLondon
_bRoutledge
_c1980
300 _a406p.
_ccm.
490 _v Oth
942 _hW691xM18, M0
_cTEXL
_2CC
999 _c1078779
_d1078779